000 00425nam a2200181Ia 4500
001 9676
005 20260306161736.0
008 260306t1998||||xx |||||||||||||| ||spa||
041 _aESP
082 _a391.009
_bJ54
100 _aJiménez Borja, Arturo
_eAUT
245 0 _aVestidos:
_bPopulares Peruanos
260 _c1998
300 _a251 páginas :
_ccm.
650 _aGEN
654 _aCHU
942 _cLIB
_dJUS
_fJUS
_2ddc
_n
999 _c9676
_d9676